Seis personajes en busca de autor

Uloženo v:
Podrobná bibliografie
Hlavní autor: Pirandello, Luigi (Autor)
Médium: Kniha
Jazyk:španělština
Vydáno: Buenos Aires Tor 1927
Edice:Colección Teatro para Leer, 19
Témata:
Tagy: Přidat tag
Žádné tagy, Buďte první, kdo vytvoří štítek k tomuto záznamu!

MARC

LEADER 00000nam a2200000 a 4500
001 UCZ4879
003 CL-VaPUC
008 951115e19270000AG |||||||||||||||||spa|d
082 0 4 |a 852  |b PIR  |2 21 
100 0 |a Pirandello, Luigi  |e author  |9 338032 
245 1 0 |a Seis personajes en busca de autor 
300 |a 157 p 
942 |c BK 
945 |d 19951115 00:00:00  |a rleighto 
260 |a Buenos Aires  |b Tor  |c 1927 
650 7 |a DRAMA ITALIANO  |2 CL-VaPUC  |9 345074 
583 |a last modification  |c 19951115 00:00:00  |k Rodrigo Vera 
490 0 |a Colección Teatro para Leer, 19 
999 |c 241223  |d 241221 
952 |0 0  |1 0  |4 0  |6 852_000000000000000_PIR_1927  |7 0  |8 P  |9 253502  |a BIBEDU  |b BIBEDU  |c BIBEDU_PB  |d 2019-11-19  |i 3148106  |o 852 PIR 1927  |p 3148106  |r 2024-01-25  |w 2019-11-19  |y BK  |k LIT